00827nam a2200241 a 450000100100000000500170001000800410002702000150006804000250008308200170010810000410012524500440016626000350021030000210024549000480026665000300031465000310034483000560037591000070043104900090043895201210044799900170056800002000320200929170227.0100709s1981 sp 000 e spa d a8423916111 aDO-SdBNPbspacBNPHU a864.62bU54v1 aUnamuno, Miguel de,d1864-19369625413aLa vida literaria /cMiguel de Unamuno. aMadrid :bEspasa-Calpe,c1981. a181 p. ;c18 cm.1 aAustral. Verde: ensayos y filosofíav1611 4aEnsayos españoles93095 4aLiteratura española9632 0aAustral.pVerde: ensayos y filosofía;v161198733 aWM aBNGR 001054708MOaGRbGRcHDd2010-07-09iLF1l0o864.62 U54vp20003-10r2020-06-25w2020-06-25y4ZPréstamo en sala c19515d19515